Copa América 2024 - Estadísticas

Estadísticas generales
  • Esta prueba ha sido intentada 5.179 veces
  • La puntuación promedio es 15 de 16
Estadísticas de respuestas
Selección % Correcto
Argentina
100%
Chile
98%
Brasil
97%
Colombia
97%
Uruguay
97%
México
96%
Venezuela
96%
Estados Unidos
95%
Perú
95%
Canadá
94%
Ecuador
94%
Paraguay
94%
Bolivia
93%
Panamá
86%
Costa Rica
84%
Jamaica
74%
No se encontraron pruebas coincidentes
Distribución de puntuación
Porcentaje de gente con cada puntuación
Porcentaje por número respondido
Historial de tus puntuaciones
No has intentado esta prueba.